000 005410000a22001930004500
003 LK-CoMWRAF
005 20230923212737.0
008 230817t ||||| |||| 00| 0 eng d
040 _aLK-CoMWRAF
_dLK-CoMWRAF
_eLK-CoMWRAF
041 _aeng
082 _a297.382
_bDAD
245 _aDaily prayer book of Islam
260 _aIndia :
_bTaj Publication
_c1987
300 _a140p
650 _aIslam -- Prayers and devotions
650 _aForgiveness -- Religious aspects -- Islam
700 _aDadarkar, Ahmad bahauddin
_eed.
942 _cBK
999 _c1179
_d1179